| 000 | 00412nam a22001697a 4500 | ||
|---|---|---|---|
| 005 | 20160613093057.0 | ||
| 008 | 160613b xxu||||| |||| 00| 0 eng d | ||
| 020 | _a9780007122585 | ||
| 041 | _aeng | ||
| 082 | _b7010 | ||
| 100 |
_aCheistie. Agatha _91736 |
||
| 245 | _aThe Secret of Chimneys | ||
| 260 |
_aNoida _bHarper collins Publishees, _c2001 |
||
| 300 | _a400 | ||
| 650 |
_aManagement _9241 |
||
| 942 | _cBK | ||
| 999 |
_c2446 _d2445 |
||